LEADER 03158nam 2200493Ia 450 001 9910459969603321 005 20200520144314.0 010 $a1-282-73073-8 010 $a9786612730733 010 $a0-19-157650-6 035 $a(CKB)2670000000040826 035 $a(EBL)3053842 035 $a(OCoLC)742315905 035 $a(MiAaPQ)EBC3053842 035 $a(Au-PeEL)EBL3053842 035 $a(CaPaEBR)ebr10409092 035 $a(CaONFJC)MIL273073 035 $a(EXLCZ)992670000000040826 100 $a20100315d2010 uy 0 101 0 $aeng 135 $aur|n|---||||| 200 04$aThe biogeography of host-parasite interactions$b[electronic resource] /$fedited by Serge Morand, Boris R. Krasnov 210 $aOxford $cOxford University Press$d2010 215 $a288 p 311 $a0-19-956135-4 320 $aIncludes bibliographical references and index. 327 $a""Contents""; ""Foreword""; ""Contributors""; ""Introduction""; ""Part I: Historical Biogeography""; ""1 Beyond vicariance: integrating taxon pulses, ecological fitting, and oscillation in evolution and historical biogeography""; ""2 Palaeogeography of parasites""; ""3 Phylogeography and historical biogeography of obligate specific mutualisms""; ""4 Biogeography, humans, and their parasites""; ""5 The use of co-phylogeographic patterns to predict the nature of hosta???parasite interactions, and vice versa""; ""Part II: Ecological Biogeography and Macroecology"" 327 $a""6 Marine parasite diversity and environmental gradients""""7 Parasite diversity and latitudinal gradients in terrestrial mammals""; ""8 Ecological properties of a parasite: species-specific stability and geographical variation""; ""9 Similarity and variability of parasite assemblages across geographical space""; ""10 Gap analysis and the geographical distribution of parasites""; ""Part III: Geography of Interactive Populations""; ""11 In the hostsa??? footsteps? Ecological niche modelling and its utility in predicting parasite distributions""; ""12 The geography of defence"" 327 $a""13 Evolutionary landscape epidemiology""""Part IV: Invasion, Insularity, and Interactions""; ""14 The geography of host and parasite invasions""; ""15 Immune defence and invasion""; ""16 Infection, immunity, and island adaptation in birds""; ""Part V: Applied Biogeography""; ""17 The geography and ecology of pathogen emergence""; ""18 When geography of health meets health ecology""; ""Conclusion""; ""Index""; ""A""; ""B""; ""C""; ""D""; ""E""; ""F""; ""G""; ""H""; ""I""; ""J""; ""K""; ""L""; ""M""; ""N""; ""O""; ""P""; ""R""; ""S""; ""T""; ""U""; ""V""; ""W""; ""Y""; ""Z"" 606 $aHost-parasite relationships 606 $aBiogeography 608 $aElectronic books. 615 0$aHost-parasite relationships. 615 0$aBiogeography. 676 $a577.857 701 $aMorand$b S$0857189 701 $aKrasnov$b Boris R.$f1950-$0857190 801 0$bMiAaPQ 801 1$bMiAaPQ 801 2$bMiAaPQ 906 $aBOOK 912 $a9910459969603321 996 $aThe biogeography of host-parasite interactions$91914112 997 $aUNINA LEADER 02882nam 2200613Ia 450 001 9910973382003321 005 20200520144314.0 010 $a979-82-16-30633-7 010 $a1-282-92196-7 010 $a9786612921964 010 $a0-7391-4892-3 035 $a(CKB)2670000000060679 035 $a(EBL)662349 035 $a(OCoLC)705539204 035 $a(SSID)ssj0000433141 035 $a(PQKBManifestationID)11294817 035 $a(PQKBTitleCode)TC0000433141 035 $a(PQKBWorkID)10389151 035 $a(PQKB)11567210 035 $a(Au-PeEL)EBL662349 035 $a(CaPaEBR)ebr10437341 035 $a(CaONFJC)MIL292196 035 $a(MiAaPQ)EBC662349 035 $a(EXLCZ)992670000000060679 100 $a20100311d2010 uy 0 101 0 $aeng 135 $aur|n|---||||| 181 $ctxt 182 $cc 183 $acr 200 13$aAn American political scientist in Israel $efrom Athens to Jerusalem /$fPaul Eidelberg 210 $aLanham $cLexington Books$dc2010 215 $a1 online resource (380 p.) 300 $aDescription based upon print version of record. 311 08$a0-7391-4890-7 320 $aIncludes bibliographical references and index. 327 $aAcknowledgments; Prologue What Israel Means to Me; Chapter 1 My Talks with Israeli Leaders: A Question of Truth; Chapter 2 Sadat's Strategy; Chapter 3 Camp David and Statecraft; Chapter 4 Self-Determination; Chapter 5 The Fixation of Israel's Elites on "Land for Peace": Five Interpretations1; Chapter 6 Demophrenia; Chapter 7 The UN-PLO Axis of Evil: Part I; Chapter 8 The UN-PLO Axis of Evil: Part II; Chapter 9 Ideological and Political Dissonance; Chapter 10 Politics, the Art of the Possible; Bibliography; Index 330 $aThis book recounts the author's meetings with some of Israel's political and intellectual leaders after he immigrated to Israel in 1976. He reveals the flawed mentality of Israel's elites and their policy of 'land for peace.' Contributing to this failure is Israel's unstable system of multi-party cabinet government and the country's lack of a written Constitution. Eidelberg offers a Jewish-democratic version of the American Constitution, whose Hebraic roots were recognized by learned men of the eighteenth century. 606 $aElite (Social sciences)$zIsrael 607 $aIsrael$xPolitics and government$y1967-1993 607 $aIsrael$xPolitics and government$y1993- 607 $aIsrael$xForeign relations 607 $aIsrael$xRelations$zUnited States 607 $aUnited States$xRelations$zIsrael 615 0$aElite (Social sciences) 676 $a320.95694 700 $aEidelberg$b Paul$0250157 801 0$bMiAaPQ 801 1$bMiAaPQ 801 2$bMiAaPQ 906 $aBOOK 912 $a9910973382003321 996 $aAn American political scientist in Israel$94452989 997 $aUNINA